Statistics for Forces that the USA Has Fought Against - Wars Starting Before 1876

Click here to take the quiz!

General Stats

  • This quiz has been taken 21 times
  • The average score is 18 of 44

Answer Stats

HintAnswer% Correct
American Revolutionary WarGreat Britain
Loyalists
Germany
Iroquois
Onondaga
Cayuga
Seneca
Cherokee
90%
Mexican-American WarMexico
90%
Cherokee-American WarsCherokee
81%
American Civil WarConfederate
Cherokee
Choctaw
Catawba
Chickasaw
Muskogee
Seminole
Comanche
81%
Quasi-WarFrench Republic
Guadeloupe
81%
First Seminole WarSeminole
Spanish Florida
76%
War of 1812United Kingdom
British North America
The Canadas
Tecumseh's Confederacy
Spain
76%
Apache WarsApache
Ute
Yavapai
71%
Second Opium WarChina
71%
Second Seminole WarSeminole
71%
Third Seminole WarSeminole
71%
Navajo WarsNavajo
67%
Yavapai WarsYavapai
Apache
Yuma
Mohave
67%
Red River WarCheyenne
Arapaho
Comanche
Kiowa
62%
Comanche CampaignCheyenne
Arapaho
Comanche
Kiowa
62%
Texas-Comanche WarComanche
62%
Northwest Indian WarWestern Confederacy
Great Britain
British North America
52%
Arikara WarArikara
48%
Colorado WarCheyenne
Arapaho
Sioux
48%
Utah WarDeseret/Utah
Mormons
48%
First Barbary WarOttoman
Morocco
48%
Snake WarPaiute
Bannock
Shoshone
48%
Paiute WarPaiute
Shoshone
Bannock
48%
Powder River WarSioux
Cheyenne
Arapaho
48%
Yakima WarYakama
Walla Walla
Umatilla
Nez Perce
Cayuse
48%
Cayuse WarCayuse
43%
Red Cloud's WarLakota
Cheyenne
Arapaho
38%
Modoc WarModoc
33%
Second Barbary WarAlgiers
19%
Pig WarUnited Kingdom
Vancouver Island
19%
Tecumseh's WarTecumseh's Confederacy
14%
Black Hawk WarBlack Hawk's British Band
Ho-Chunk
Potawatomi
5%
Reform WarConservatives
5%
Dakota War of 1862Dakota Sioux
5%
United States expedition to KoreaJoseon dynasty
5%
Winnebago WarPrairie La Crosse
Ho-Chunks
5%
Bleeding KansasPro-slavery settlers (Border Ruffians)
5%
John Brown's Raid on Harpers FerryAbolitionist Insurgents
0%
First and Second Cortina WarCortinista bandits
0%
Las Cuevas WarMexican bandits
0%
Puget Sound WarNisqually
Muckleshoot
Puyallup
Klickitat
Haida
Tlingit
0%
Formosa ExpeditionPaiwan
0%
Creek WarRed Stick Creek
0%
Rogue River WarsTututni
0%

Score Distribution

Percentile by Number Answered

Percent of People with Each Score

Your Score History

You have not taken this quiz